Fundamentals of Weed Science (Record no. 52491)

MARC details
000 -LEADER
fixed length control field 00610nam a22002177a 4500
003 - CONTROL NUMBER IDENTIFIER
control field OSt
008 - FIXED-LENGTH DATA ELEMENTS--GENERAL INFORMATION
fixed length control field 260629b |||||||| |||| 00| 0 eng d
020 ## - INTERNATIONAL STANDARD BOOK NUMBER
International Standard Book Number 978-0443157233
082 ## - DEWEY DECIMAL CLASSIFICATION NUMBER
Classification number 632.5
Item number Z71F
100 ## - MAIN ENTRY--PERSONAL NAME
Personal name Zimdahl, Rober L.
245 ## - TITLE STATEMENT
Title Fundamentals of Weed Science
Statement of responsibility, etc. Zimdahl, Rober L.
260 ## - PUBLICATION, DISTRIBUTION, ETC. (IMPRINT)
Place of publication, distribution, etc United Kingdom
Name of publisher, distributor, etc Academic Press is an imprint of Elsevier
Date of publication, distribution, etc 2024
300 ## - PHYSICAL DESCRIPTION
Extent xvi., 560p.
365 ## - TRADE PRICE
Price note 11553.00, INR
650 ## - SUBJECT ADDED ENTRY--TOPICAL TERM
Topical term or geographic name as entry element Weeds $x Control.
650 ## - SUBJECT ADDED ENTRY--TOPICAL TERM
Topical term or geographic name as entry element Weed science.
650 ## - SUBJECT ADDED ENTRY--TOPICAL TERM
Topical term or geographic name as entry element Plant diseases.
650 ## - SUBJECT ADDED ENTRY--TOPICAL TERM
Topical term or geographic name as entry element Weeds $x Control.
700 ## - ADDED ENTRY--PERSONAL NAME
Personal name Basinger, Nicholas T.
942 ## - ADDED ENTRY ELEMENTS (KOHA)
Source of classification or shelving scheme
Koha item type Books
Holdings
Withdrawn status Lost status Source of classification or shelving scheme Damaged status Not for loan Home library Current library Shelving location Date acquired Source of acquisition Currency Cost, normal purchase price Total Checkouts Full call number Barcode Date last seen Bill Date Koha item type Bill Number
          Dr. Rajendra Prasad Central Agricultural University Pusa, Dr. Rajendra Prasad Central Agricultural University Pusa, General Stacks 29/06/2026 TTPP, New Delhi INR 11553.00   632.5 Z71F 87616 29/06/2026 29/01/2026 Books IN-00449
Hosted, Implemented, Customized & Maintained by: BestBookBuddies

Powered by Koha